| 000 | 00797cab a2200241 4500 | ||
|---|---|---|---|
| 001 | ABS54724 | ||
| 008 | 090401t1996 xxu||||| |||| 00| 0 eng d | ||
| 035 | _a(Sirsi) u11990 | ||
| 041 | _aeng | ||
| 245 | _aNational plottery | ||
| 260 | _c1996 | ||
| 350 | _a0 | ||
| 490 |
_aRIBA Journal _v103(4) April 1996, 12-76(3) |
||
| 520 | _aThe "National Lottery Yearbook" analyses the types of applicant and the regions which are benefiting most from national lottery funds. 1996 edition £14.95, available from the RICS Library. | ||
| 650 | _aARTS COUNCIL OF ENGLAND | ||
| 650 | _aCONSTRUCTION PROJECTS | ||
| 650 | _aHERITAGE LOTTERY FUND | ||
| 650 | _aNATIONAL LOTTERY | ||
| 650 | _aSPORTS COUNCIL | ||
| 690 | _aPROPERTY-PROPERTY FINANCE AND INVESTMENT | ||
| 942 | _n0 | ||
| 948 | _c04/03/1997 | ||
| 999 |
_c7664 _d7664 |
||